Prácticas de civismo 1 : (Record no. 45860)

MARC details
000 -CABECERA
campo de control de longitud fija 00673nam a2200205 a 4500
005 - FECHA Y HORA DE LA ÚLTIMA TRANSACCIÓN
campo de control 20240305063723.0
008 - ELEMENTOS DE LONGITUD FIJA--INFORMACIÓN GENERAL
campo de control de longitud fija 991125s1993 mx 000 0 spa u
020 ## - NÚMERO INTERNACIONAL NORMALIZADO PARA LIBROS
Número Internacional Estándar del Libro 9682448360
035 ## - NÚMERO DE CONTROL DEL SISTEMA
Número de control de sistema UPN01000045860
049 ## - COLECCIÓN
Colección LT
050 #4 - SIGNATURA TOPOGRÁFICA DE LA BIBLIOTECA DEL CONGRESO
Número de clasificación LB1644 M6.1
Número de documento/Ítem M8.6
100 1# - ASIENTO PRINCIPAL--NOMBRE PERSONAL
Nombre de persona Muñoz, Virgilio
9 (RLIN) 29569
245 10 - MENCIÓN DE TÍTULO
Título Prácticas de civismo 1 :
Resto del título ejercicios sobre sociedad, valores y derechos /
Mención de responsabilidad, etc. Virgilio Muñoz, Ana Cristina Avila.
260 ## - PUBLICACIÓN, DISTRIBUCIÓN, ETC.
Lugar de publicación, distribución, etc. México :
Nombre del editor, distribuidor, etc. Trillas,
Fecha de publicación, distribución, etc. 1993.
300 ## - DESCRIPCIÓN FÍSICA
Extensión 179 p. :
Otras características físicas il. col.
500 ## - NOTA GENERAL
Nota general Bibliografía : p. 160
650 #4 - ASIENTO SECUNDARIO DE MATERIA - TERMINO TEMATICO
Término de materia o nombre geográfico como elemento de entrada Civismo
Subdivisión general Estudio y enseñanza (Secundaria)
9 (RLIN) 1512
700 1# - ASIENTO SECUNDARIO--NOMBRE DE PERSONAL
Nombre de persona Avila, Ana Cristina,
Término indicativo de función/relación coaut.
9 (RLIN) 28864
905 ## - TIPO DE MATERIAL
Tipo de material Libro
Holdings
Estado de retiro Estado de pérdida Fuente del sistema de clasificación o colocación Estado dañado No para préstamo Código de colección Localización permanente Ubicación/localización actual Ubicación en estantería Fecha de adquisición Clasificación Código de barras Fecha visto por última vez Número de copia Tipo de ítem Koha
    Library of Congress Classification   Disponible (Préstamo en sala) Libros de texto Bib. Gregorio Torres Quintero Bib. Gregorio Torres Quintero Colecciones especiales Planta alta 25/05/2023 LB1644 M6.1 M8.6 105994 31/12/2020 1 Libro
    Library of Congress Classification   Disponible (Préstamo en sala) Libros de texto Bib. Gregorio Torres Quintero Bib. Gregorio Torres Quintero Colecciones especiales Planta alta 25/05/2023 LB1644 M6.1 M8.6 105993 31/12/2020 1 Libro